Sandino ante la crisis

Guardat en:
Dades bibliogràfiques
Autor principal: Vargas Escobar, Oscar René
Format: Text
Publicat: s.l.: s.e.
Etiquetes: Afegir etiqueta
Sense etiquetes, Sigues el primer a etiquetar aquest registre!

MARC

LEADER 00000 a a2200000 04500
001 21652
003
040
090 |a 096500  
100 |a Vargas Escobar, Oscar René  
245 |a Sandino ante la crisis  
260 |a s.l.:   |b s.e.  
300 |a s.p.  
999 |c 12733  |d 12733